| 000 | | | 05961cbc2a2200000#x 450 |
| 001 | | | b01004be-4abc-4a21-b5aa-7593653d6a57 |
| 005 | | | 20190715150513.0 |
| 100 | ## | $a | 20161025l18071827k l0rusy0189 ca |
| 101 | 0# | $a | rus |
| 102 | ## | $a | RU |
| 200 | 1# | $a | Дело о службе актрисы Александры Рамазановой; здесь же о смерти её |
| | $j | 22 апреля 1807 г. - 28 сентября 1827 г. |
| 251 | ## | $c | Дело |
| 300 | ## | $a | Рукописный текст. Чернила |
| 300 | ## | $a | Заголовок дела также: Дело о службе, состоявшей при санкт-петербургских театрах умершей актрисы Александры Рамазановой |
| 801 | #0 | $a | RU |
| | $b | РГИА |
| | $c | 20161025 |
| 801 | #1 | $a | RU |
| | $b | ГлавНИВЦ |
| | $c | 20161025 |
| | $2 | rusmarc |
| 801 | #2 | $a | RU |
| | $b | ПБ им. Б.Н. Ельцина |
| | $c | 20180928 |
| | $g | RCR |
| | $2 | rusmarc |
| 850 | ## | $a | Федеральное казенное учреждение "Российский государственный исторический архив" (РГИА) |
| 852 | ## | $a | РГИА |
| | $j | 112 |
| 937 | ## | $h | РГИА |
| | $d | 12233930 |
| | $a | ASBIBLIO_SCAN |
| 462 | #0 | $1 | 001dd3991dc-24e1-42ec-8838-ca4255420416 |
| | $1 | 2001 |
| | $a | 1746-1850 гг. |
| | $v | Д. 112 |
| | $1 | 251 |
| | $c | Опись |
| | $1 | 852 |
| | $j | 1 |
| 461 | #0 | $1 | 0019264ebf8-de62-4f1a-9eb4-9f22098dbbd5 |
| | $1 | 2001 |
| | $a | Дирекция императорских театров МИДв |
| | $1 | 251 |
| | $c | Фонд |
| | $1 | 852 |
| | $j | 497 |
| 215 | ## | $a | 16 листов |
| | $d | 36,5х26 см |
| 371 | ## | $a | Документ не является опубликованным и широко распространяемым |
| 105 | ## | $a | y### |
| 122 | 2# | $a | d18070422## |
| | $a | d18270928## |
| 035 | ## | $a | b01004be-4abc-4a21-b5aa-7593653d6a57 |
| 856 | ## | $u | http://readingroom.main.prlib.ru/item.aspx?id_node=n118714791&mode=full |
| 600 | #1 | $2 | prlib_sh |
| | $3 | LIBNET\UAF\0000080146 |
| | $a | Тюфякин |
| | $b | П. И. |
| | $g | Петр Иванович |
| | $f | 1769-1845 |
| | $j | Документы и материалы |
| 606 | 1# | $2 | nlr_sh |
| | $3 | RU\NLR\AUTH\661426345 |
| | $a | Актрисы русские |
| | $j | Документы и материалы |
| 606 | 1# | $a | Театральные работники |
| | $2 | nlr_sh1 |
| | $3 | RU\NLR\AUTH\661073460 |
| | $x | Оплата труда |
| | $j | Документы и материалы |
| 601 | 01 | $2 | prlib_sh |
| | $3 | LIBNET\UAF\0000080151 |
| | $a | Россия |
| | $b | Дирекция императорских театров |
| | $x | Деятельность |
| | $j | Документы и материалы |
| 605 | ## | $2 | acquisition_Prlib |
| | $3 | LIBNET\UAF\0000080478 |
| | $a | Год театра в России |
| | $l | коллекция |
| 605 | ## | $2 | acquisition_Prlib |
| | $3 | DITM\AF\0000004166 |
| | $a | Россия в лицах |
| | $l | коллекция |
| 686 | ## | $2 | rubbk |
| | $a | 85.33 |
| | $v | LBC/M |
| 686 | ## | $a | 63.3(2)521-7 |
| | $v | LBC/M |
| | $2 | rubbk |
| 517 | 1# | $a | Дело о службе, состоявшей при санкт-петербургских театрах умершей актрисы Александры Рамазановой |